Movie Cast Match (1998) Quiz Stats

 Plays Quiz Updated Aug 9, 2017

Support Sporcle.
Go Orange.
Score 0/40 Timer 08:00
1 Play Today
% Correct
There's Something About Mary
90.3%
You've Got Mail
90%
The Mask of Zorro
88.8%
The Parent Trap
88.6%
Rush Hour
88.4%
Saving Private Ryan
88.3%
The Truman Show
88.1%
Lethal Weapon 4
88.1%
Patch Adams
85.5%
The Big Lebowski
85.2%
The Wedding Singer
84.7%
Armageddon
83.5%
Star Trek: Insurrection
81.9%
The Waterboy
81.8%
The Man in the Iron Mask
80.9%
Meet Joe Black
79.7%
I Still Know What You Did Last Summer
78.6%
Doctor Dolittle
78.5%
Shakespeare in Love
77.5%
Blade
77%
% Correct
American History X
76.9%
Enemy of the State
76.2%
U.S. Marshals
73.3%
Mulan
73.2%
Antz
71.9%
A Bug's Life
71.5%
Pleasantville
71.1%
Stepmom
70.9%
A Night at the Roxbury
70.5%
Fear and Loathing in Las Vegas
70.2%
Six Days Seven Nights
70%
Practical Magic
67.2%
Elizabeth
65.9%
Wild Things
65.7%
BASEketball
65.2%
Ever After: A Cinderella Story
64.4%
Ronin
60.9%
Rushmore
60.8%
Out of Sight
59.7%
Godzilla
58.4%

You're not logged in!

Compare scores with friends on all Sporcle quizzes.
OR
Log In
Forgot?

From the Vault

NBA Over/Under 20 PPG

by notaratface

If this quiz had any Harlem Globetrotters, we'd make sure to take the over.
Remove Ads.
Support Sporcle.
Get the best of Sporcle when you Go Orange. This ad-free experience offers more features, more stats, and more fun while also helping to support Sporcle. Thank you for becoming a member.

Show Comments

Extras

Top Quizzes Today


Score Distribution

Your Account Isn't Verified!

In order to create a playlist on Sporcle, you need to verify the email address you used during registration. Go to your Sporcle Settings to finish the process.

Report this User

Report this user for behavior that violates our Community Guidelines.

Details: